| 000 | 00415nam a2200145Ia 4500 | ||
|---|---|---|---|
| 008 | 150201s2000 xx 000 0 und d | ||
| 082 |
_a617.6 _bD2000P |
||
| 100 | _aA.PARAMES WARAM | ||
| 245 | _aMATERIALS IN RESTORATIVE DENTISTRY | ||
| 250 | _a1ST | ||
| 260 |
_bC.B.S PUBLISHERS & DISTRIBUTERS _aDARYAGANJ (NEW DELHI) _c2000 |
||
| 300 | _a1-231 | ||
| 650 | _aCONSERVATIVE DENTISTRY & ENDODONTICS | ||
| 942 |
_2ddc _cBK |
||
| 999 |
_c2742 _d2742 |
||